00402 2200169 4500245004000000020002200040250001100062100002100073700001600094650001700110005001900127260003200146041001400178084000800192300002300200336000900223 aElegi CintacFhathimha ShythyhText a978-602-1588-30-7 aCet. 1 aFhathimha Shythy aAbdul Latif aNovel Remaja a20230127141144 aJakartabRumah Oranyec2013 aIndonesia a813 a224 hlm. :c19 cm. atext